Environmental law (Registro nro. 316102)

Detalles MARC
000 -ENCABEZADO
Número de control [NR] 00890 a2200241 4500
005 - FECHA Y HORA DE LA ÚLTIMA TRANSACCIÓN
control field 20191120091126.0
008 - DE LONGITUD FIJA DE DATOS DE ELEMENTOS - INFORMACIÓN GENERAL
Elementos de longitud fija [NR] 191120s2017 enk||||| |||| 00| 0 eng d
020 ## - NUMERO INTERNACIONAL NORMALIZADO PARA LIBROS [R]
Número Internacional Normalizado del libro [NR] 9780198794189
040 ## - FUENTE DE CATALOGACION [NR]
Agencia de catalogación original [NR] CO-BoUCM
Idioma de catalogación [NR] spa
Quien Cataloga Saul Niño
Quien Clasifica Saul Niño
041 0# - CODIGO DE IDIOMA [R]
Código de idioma para texto/pista de sonido o título separado [R] Inglés
100 10 - ASIENTO PRINCIPAL--NOMBRE PERSONAL [NR]
Nombre personal [NR] Fisher, Elizabeth  
ID Autoridad 99279
245 10 - MENCION DE TITULO [NR]
Título [NR] Environmental law
Parte restante del título [NR] a very short Introduction
Mención de responsabilidad, etc. [NR] Elizabeth Fisher
260 ## - PUBLICACION, DISTRIBUCION, ETC. (PIE DE IMPRENTA) [R]
Lugar de publicación, distribución, etc. [R] Oxford, United Kingdom
-- New York
Nombre del editor, distribuidor, etc. [R] Oxford University Press
Fecha de publicación, distribución, etc. [R] 2017
300 ## - DESCRIPCION FISICA [R]
Extensión [R] 147 páginas
490 0# - MENCION DE SERIE [R]
Mención de serie [R] Very short introductions simulating ways into subjects
Designación numérica/secuencial del volumen [NR] 536
546 ## - NOTA DE IDIOMA [R]
Nota de idioma [NR] Texto en inglés
650 #7 - ASIENTO SECUNDARIO DE MATERIA - TERMINO TEMATICO [R]
9 (RLIN) 12703
Término temático o nombre geográfico como elemento de entrada [NR] Derecho ambiental
650 #7 - ASIENTO SECUNDARIO DE MATERIA - TERMINO TEMATICO [R]
Término temático o nombre geográfico como elemento de entrada [NR] Protección del medio ambiente
Subdivisión general [R] Legislación
9 (RLIN) 22644
650 #7 - ASIENTO SECUNDARIO DE MATERIA - TERMINO TEMATICO [R]
9 (RLIN) 11860
Término temático o nombre geográfico como elemento de entrada [NR] Control ambiental
Subdivisión general [R] Legislación
650 #7 - ASIENTO SECUNDARIO DE MATERIA - TERMINO TEMATICO [R]
9 (RLIN) 19225
Término temático o nombre geográfico como elemento de entrada [NR] Medio ambiente
942 ## - ELEMENTOS DE ENTRADA AGREGADOS (KOHA)
Tipo de ítem principal el descrito en 300a Libro
Sistema de clasificación DEWEY
Tema principal Derecho
Edición 1
Clasificación 344.046
Parte restante de la signatura top. F533e
Existencias
Fecha de último préstamo Total préstamos Total Renewals Signatura topográfica Código de barras Última vez visto Ejemplar Costo de reposición Price effective from Tipo de ítem Perdido Sistema de clasificación Dañado No prestable Tipo de ítem específico Suprimido Ubicación habitual Ubicación actual Localización Fecha de creación Proveedor Forma de adquisición Costo
12/05/2023 1 2 344.046 F533e 100164879 05/12/2025 Ej.1 42900.00 05/11/2019 Libro   DEWEY     Libro   Claustro Claustro 3er piso 05/11/2019 37 Compra 42900.00